[Event "Euwe Intern 2005/2006"]
[Site "?"]
[Date "2006.05.18"]
[Round "3.11"]
[White "Salomons, Rik"]
[Black "Witt, Rob"]
[Result "0-1"]
[WhiteElo "2247"]
[BlackElo "2044"]
[Annotator "Witt"]
[PlyCount "68"]
[EventDate "2006.01.13"]

{Onlangs stuurde Merijn van Delft mij een aantal partijen op met de Chameleon 
(Slavisch met a6) wat hij sinds een half jaar speelt. Hij voegde eraan toe dat
hij er nooit mee verloor, ook als hij slecht stond. Dit inspireerde mij om ook
weer eens deze opening van stal te halen. Kennelijk heb ik iets geleerd van
zijn partijen want ook ik verlies niet, al had dat wel gemoeten.} 1. d4 d5 2.
c4 c6 3. Nf3 Nf6 4. Nc3 a6 5. c5 {Dit is een van de belangrijkste systemen
tegen de Chameleon en wordt ook aanbevolen door Khalifman in "According to
Kramnik". Zwart heeft veld b6 verzwakt en alles gaat nu draaien om veld e5.
Kan wit dit veld controleren of kan zwart e7-e5 doorzetten.} Nbd7 6. Bf4 Nh5 7.
Bd2 {Geïnspireerd door de briljante partij Topalov-Kamsky, die deze week in
het supertoernooi van Sofia was gespeeld. We hadden allebei deze partij gezien,
maar vergeten hoe de opening precies ging.} (7. e3 {is ook populair en is de
hoofdvariant bij Khalifman.}) 7... Nhf6 8. g3 {Ongebruikelijk. Ik heb er maar
één partij mee gevonden tussen twee 2100spelers.} ({Topalov speelde} 8. Rc1 {
Gericht tegen b6 en indirecte dekking van pion c5 als zwart e7-e5 doorzet,
schreef Marin op Chessbase.} g6 (8... e5 {speelde Bacrot tegen Topalov in de
laatste ronde in Sofia.}) 9. h3 Qc7 10. g3 Bg7 11. Bf4 Qd8 12. Bg2 Nh5 13. Bg5
h6 14. Bd2 O-O 15. e4 dxe4 16. Nxe4 Nhf6 17. Nc3 Re8 18. O-O Nf8 19. Qb3 Ne6
20. Be3 Nc7 21. Ne5 Nfd5 22. Nxd5 Nxd5 23. Bd2 Bxe5 24. dxe5 h5 25. Rfe1 Qc7
26. e6 Bxe6 27. Rxe6 fxe6 28. Re1 Qd7 29. Qd3 Kh7 30. Re5 Nf6 31. Qe3 Kg7 32.
Be4 Kf7 33. Bc2 Rad8 34. Qh6 Rg8 35. Ba5 Qd4 36. Bc3 Qc4 37. Bb3 Qd3 38. Bxe6+
Ke8 39. Kg2 Rf8 40. Qg7 Rd5 41. Bf5 Rf7 42. Rxe7+ {1-0 Topalov - Kamsky, Sofia
2006}) ({Het alternatief} 8. Qc2 {is gebruikelijker en ook een paar keer door
Topalov gespeeld.}) 8... g6 ({Mijn eerste gedachte was het thematische} 8... e5
$1 {Ik verwierp het echter ten onrechte wegens} 9. dxe5 Ng4 ({Interessant is
ook} 9... Ne4 $5 {maar die heb ik niet overwogen. Er zou kunnen volgen} 10.
Nxe4 dxe4 11. Ng5 ({of} 11. e6 $5 fxe6 12. Ng5 $13) 11... Nxc5 12. Bg2 Qd5 $13)
10. Na4 ({In bovengenoemde partij volgde zwakker} 10. b4) 10... Qc7 (10...
Ngxe5 11. Nxe5 Nxe5 12. Bg2 $14) 11. b4 a5 (11... Ngxe5 12. Bf4 f6 13. Nd4 $14)
12. Bf4 {En hier hield ik op. De stelling is echter heel interessant. Bijv.}
axb4 $1 13. e6 Qa5 14. exd7+ Bxd7 15. h3 (15. Nb2 b3+ 16. Bd2 Qxc5 17. Nd3 Qa3
$13) 15... b3+ 16. Bd2 Qxa4 17. hxg4 bxa2 18. Qxa4 Rxa4 {met ruime compensatie
voor het stuk.}) 9. Bg2 Bg7 10. O-O O-O 11. Re1 {Hier heeft wit ook andere
zetten. Ik denk sowieso dat wit iets beter staat.} Ne4 $6 {A tempo gespeeld
als een soort Pavlovreactie omdat Te1 me niet de beste leek. Het is echter
niet goed. Het paard had op f6 moeten blijven om een eventueel Lf4 weer met
Ph5 te kunnen beantwoorden. Beter was Te8 om e5 voor te bereiden.} (11... Re8)
12. Bf4 Nxc3 $6 {Ook niet geweldig.} (12... e5 13. Nxe4 exf4 14. Nd6 fxg3 15.
hxg3 $14) (12... f6 13. Nxe4 dxe4 14. Nd2 $14) ({Het beste was misschien} 12...
h6 13. Nxe4 dxe4 14. Nd2 Bxd4 15. Bxh6 e3 16. fxe3 Bxb2 17. Nc4 $14) 13. bxc3
b6 14. cxb6 Qxb6 $2 {Nauwelijks over nagedacht en gewoon slecht.} ({
Noodzakelijk was} 14... Nxb6 {Ik dacht dat dan vervelend volgde} 15. Ne5 {
maar dat valt erg mee wegens het onorthodoxe} (15. e4 $5) 15... Bxe5 $1 16.
dxe5 (16. Bxe5 g5 $1) 16... Be6 {met een speelbare stelling.}) 15. Qa4 a5 {
Ik had hier het gevoel dat ik al verloren stond. Dat zag ik tenminste nog wel.}
({Mijn plan was eigenlijk} 15... Qb5 16. Qa3 c5 {maar dan volgt sterk} ({
Relatief het beste maar ook beroerd voor zwart was} 16... Nb6 {niet gezien} 17.
Rab1 Nc4 18. Qxe7 Qa5 19. e4 $16) 17. Rab1 Qc6 18. c4 cxd4 19. Nxd4 $1 ({
Nog sterker dan} 19. cxd5) 19... Qxc4 20. Rb4 $18) 16. Rab1 Qa6 17. e4 Nf6 ({
Ook goed voor wit is} 17... dxe4 18. Ng5 e5 19. Be3 {Toch had ik hiervoor
moeten kiezen. Bijv.} Nb6 20. Qxc6 Nc4 21. Bxe4 Qxc6 22. Bxc6 Bf5 $16) 18. Ne5
$1 ({Ik had voornamelijk gekeken naar} 18. e5 Ne4 19. Rb3 $14 (19. Bf1 $6 Qa7
20. Qxc6 $6 Bd7 $1)) 18... Nxe4 19. Bf1 $6 ({Sterker was het simpele} 19. Qxc6
Be6 20. Rb6 Qc8 21. c4 $16) 19... Qa7 20. Nxc6 Qd7 {Wit heeft nu toch een
beetje last van de penning.} 21. Rb6 ({Op} 21. Bb5 {had ik} Ba6 $13 {gepland.})
21... g5 $1 {Beide spelers hebben nog 27'} 22. Rxe4 $1 {21' In deze tijden met
Topalov durft iedereen weer kwaliteiten te offeren.} (22. Be3 $14) 22... dxe4
23. Bxg5 Kh8 $2 {18'} (23... f6 24. Bf4 $14) (23... Re8 24. Bf4 (24. Bb5 $2 Qc7
) 24... e5 25. dxe5 Bb7 26. Bg2 $14) 24. Bxe7 Re8 25. Bc5 $6 {15'} ({Zeer
sterk was} 25. Qb5 $1 {met als pointe} Rxe7 $2 (25... h6) 26. Nxe7 Qxe7 27. Qc6
$18) ({Ook} 25. Bg5 $5 $16 {kwam in aanmerking.}) 25... e3 $1 {Mijn beste kans
om tegenkansen te scheppen. Beiden nog een kwartier.} 26. fxe3 Rxe3 27. Qd1 $6
(27. Qb3 $14) (27. c4 Qe8 $1) 27... Bb7 {12'} (27... Rxc3 28. Qe1 Rxc5 29. dxc5
Bb7 30. Ne5 Qd5 31. Rxb7 Bxe5 $13) 28. d5 Rae8 $2 {Een absurd kwaliteitsoffer,
net nu het witte voordeel verdwenen is.} (28... Rxc3 29. Bd4 Rxc6 30. Rxb7 (30.
Bxg7+ Kxg7 31. Qa1+ f6 32. dxc6 Bxc6 33. Qc3 Rc8 $13) 30... Qxb7 31. dxc6 Qc7
$11) 29. Bxe3 Rxe3 30. Nxa5 {9'} Bc8 {9'} 31. Rc6 $6 {5'} (31. Nc6 $1 Rxc3 32.
a4 $18) ({Ik hoopte op} 31. Rb8 Qa7 $1 32. Nc6 $4 (32. Rxc8+ Re8+ 33. Kh1 Rxc8
34. Nc6 $13) 32... Rxg3+ 33. Kh1 Rg1#) 31... Qa7 {8' Ik zag dat Rik dit gemist
had. Waarschijnlijk om dat te maskeren speelde hij snel} 32. Kg2 $2 {Nu is het
remise.} (32. Kh1 {is nog steeds beter voor wit.}) 32... Bf5 {5'} 33. Ra6 $1 {
3' only move.} Be4+ 34. Kg1 $4 {Verschrikkelijk.} (34. Kh3 Bf5+ 35. Kg2 Be4+ {
remise}) 34... Rxg3# 0-1

[Event "Massakamp Euwe-Paul Keres"]
[Site "?"]
[Date "2006.05.20"]
[Round "?"]
[White "Witt, Rob"]
[Black "de Haan, Eric"]
[Result "0-1"]
[WhiteElo "2247"]
[BlackElo "2293"]
[Annotator "Witt"]
[PlyCount "74"]
[EventDate "2006.??.??"]

{Er rust geen zege op de spelers van Euwe in de massakamp tegen Paul Keres.
Dat geldt ook voor mij. De eerste keer wist ik nog met enig geluk te winnen,
vorig jaar liet ik een gewonnen toreneindspel remise lopen en dit jaar was het
nog erger.} 1. Nf3 Nf6 2. c4 c5 3. Nc3 b6 4. g3 (4. e4 {is ook interessant
volgens Eric.} d6 (4... Bb7 5. e5 Ne4 $2 6. Nb1 $1 {met de dreiging d3.}) 5. d4
cxd4 6. Nxd4 Bb7 7. Qe2 {en eventueel g4!?}) 4... Bb7 5. Bg2 g6 6. O-O Bg7 7.
d4 cxd4 8. Qxd4 d6 9. Rd1 Nbd7 10. Be3 {5'} Rc8 {5'} 11. Rac1 {Deze bekende
stelling stond binnen een minuut of 10 op het bord. Dat verbaasde me een
beetje omdat ik 2 jaar geleden deze stelling ook tegen Eric had in het
Kroegloperstoernooi in de Amsterdamse Pijp. Hoewel Eric toen ook won, was hij
niet tevreden en zei dat hij nodig op zoek moest naar een ander systeem.
Kennelijk heeft hij niet iets klaarliggen want hij begint vanaf nu zeeën van
tijd te gebruiken en wel 1,5 uur voor de volgende 7 zetten!} O-O {14'} ({
Na het alternatief} 11... a6 12. b3 O-O {hoeft de witte dame niet naar h4 maar
kan ook naar} 13. Qd2 {zoals in Ivanchuk-Aronian, Linares 2006. Daar volgde}
Ne4 ({Ik liet Eric zien dat zwart hier beschilt over het interessante} 13...
Ng4 $5 14. Bd4 Bh6 15. e3 e5 {met duizelingwekkende complicaties.})) 12. Qh4 a6
13. b3 {7'} (13. Ne1 Bxg2 14. Nxg2 Re8 15. b3 Qc7 16. Bg5 Qb7 17. Ne3 b5 18.
Ned5 $6 {Kramnik-Kasparov, WK-match London 2000 (57.1/2-1/2)}) 13... Rc7 {27'}
14. Ne1 {19'} ({Bekender en waarschijnlijk ook beter is} 14. Bh3 {wat ik
volgens mij in dat Kroegloperstoernooi speelde. Ik vermoedde echter dat Eric
juist daar verbeteringen voor zwart gevonden had. Achteraf bleek dat zijn
openingskennis ongeveer op hetzelfde niveau ligt als die van mij. We
herinneren ons vaag wat bekende partijen zonder dat we nog weten hoe die
precies verliepen. Een recent voorbeeld met Lh3 ging verder met} Qb8 ({of} 
14... Qa8 15. Bxd7 Rxd7 16. Na4 Bxf3 17. Nxb6 Qb7 18. exf3 $16 {Anand-Gomez
Esteban, Santurtzi 2003 (30.1-0)}) 15. Bh6 Bxh6 16. Qxh6 Bxf3 17. exf3 b5 18.
Bxd7 Rxd7 19. Rd4 b4 20. Nd5 Nxd5 21. cxd5 $16 {Werle-Sasikiran, La
Roche-sur-Yon 2006 (53.1-0)}) 14... Bxg2 {32' Hier was Eric achteraf zeer
ontevreden over, omdat wit een tempo krijgt om zijn paard naar veld d5 te
spelen. Hoewel niemand minder als Gelfand dit ook gespeeld heeft, denk ik dat
Eric gelijk heeft. Hijsuggereerde} (14... Qa8) (14... Qb8) 15. Nxg2 Re8 {1.06}
16. Nf4 {36' Ik zat me hier af te vragen of ik niet eerst Lg5 of Lh6 moest
spelen en dan het paard naar e3. Een nadeel van het wegspelen van Le3 is
echter dat veld c5 toegankelijk wordt voor de zwarte toren.} Rc8 {1.16 N} (
16... Qb8 17. Nfd5 Rcc8 18. Bg5 Qb7 19. a4 (19. Rd3 Ne5 (19... b5 $5) 20. Bxf6
exf6 21. Rdd1 f5 22. Nf6+ Bxf6 23. Qxf6 b5 24. cxb5 axb5 25. Qxd6 Rc6 26. Qd4
Qc8 27. Qd2 Qa6 28. Nd5 Rxc1 29. Qxc1 b4 30. Nc7 Qxe2 31. Nxe8 Nf3+ 32. Kg2
Nh4+ {1-0 Filippov - Ruud Janssen, Golden Sands 2000}) 19... Kh8 20. g4 Nxd5
21. Nxd5 e6 22. Nf6 Nxf6 23. Bxf6 d5 24. Rc3 ({Illescas claimt hier voordeel
voor wit na} 24. g5 $1) 24... Bxf6 25. Qxf6+ Kg8 26. Rcd3 Qe7 27. Qxe7 Rxe7 28.
cxd5 exd5 29. Rxd5 Rxe2 30. Rd8+ Rxd8 31. Rxd8+ Kg7 32. Rd6 Re4 33. Rxb6 Rxg4+
34. Kf1 Rh4 35. a5 Rh3 36. b4 Rb3 37. Ke2 g5 38. Kf1 h5 39. Rxa6 Rxb4 40. Rb6
Ra4 41. a6 {1/2-1/2 Illescas Cordoba - Gelfand, Pamplona 1999}) 17. Nfd5 {50'}
Rb8 {1.35'} 18. Bg5 {1.06'} b5 $6 {1.40' Nu krijgt wit een aanknopingspunt.
Het beste was waarschijnlijk om niks te doen. Na een tijdje vonden we een goed
wit plan gebaseerd op Td3 gevolgd door Te3 of g4 en Th3.} ({Eric overwoog ook
lang} 18... e6 {Mijn plan was dan} 19. Nb4 $1 ({Eric had alleen zitten rekenen
op} 19. Nxf6+ Bxf6 20. Ne4 {wat ook goed voor wit is.})) 19. cxb5 {1.11'} axb5
20. Qb4 $1 $16 h6 {Wit nog 49' en zwart nog 13'.} 21. Bxf6 {40'} ({Er is ook
iets voor te zeggen om de loper op het bord te houden met} 21. Be3) 21... Nxf6
22. Nxf6+ {37'} Bxf6 23. Nd5 $6 {34' Overdreven subtiel. Het idee was om de
loper naar g7 en de toren naar f8 te jagen en dan pas op b5 te slaan. Veel
beter was direct op b5 slaan.} (23. Nxb5) 23... Be5 {10' Hier staat de loper
actiever dan op f6.} 24. Nc7 Rf8 25. Nxb5 {32'} h5 {9'} 26. a4 Kg7 {Wat er
vanaf dit moment gebeurt kan ik nauwelijks verklaren. Ik ben volledig mijn
concentratie kwijt. Ik denk wel iedere zet 2 of 3 minuten na maar reken niks
uit en speel een beetje op mijn gevoel. Onbegrijpelijk.} 27. e4 $6 {29' Dit is
al geen beste. de zet verpest nog niks, maar ik geef hem h5-h4 cadeau. Ik
dacht niet veel meer dan dat ik f4 en e5 dreig met winst.} (27. Qe4 $5 {
met als idee Tc4 en Dc2 was ik eerst van plan.}) 27... h4 {7'} 28. Qc4 $6 {27'}
(28. Qd2 $16) (28. f4 $2 Qb6+ 29. Kg2 Qe3 $13) 28... Rh8 $6 {5'} (28... hxg3
29. hxg3 Qd7 30. Qe2 Qh3 31. Qf3 Rh8 32. Qg2 $14 {Wit staat nog wel wat beter
maar het is al lastig geworden.}) 29. Qe2 $2 {24'} ({Eric was terecht bang voor
} 29. Qc7 $1 {Ik had er wel even naar gekeken, maar het leek me beter om mijn
dame bij mijn koning te zetten, zonder ook maar iets uit te rekenen.} hxg3 (
29... Qg8 30. Qxe7 hxg3 (30... Qh7 31. Nxd6 Bxd6 32. Qxd6 $18) 31. hxg3 ({
Riskanter maar wellicht mogelijk is} 31. fxg3 Qh7 32. h4 Qh6 (32... Bxg3 33.
Rf1 Rhf8 34. Rc7 Kg8) 33. Qg5 Qxg5 34. hxg5 Rh5 35. Rd3 Rxg5 36. Kg2) 31... Qh7
32. Qh4 Qxh4 33. gxh4 Rxh4 34. Rc4 $16) 30. hxg3 Qg8 31. Kg2 $16) 29... Qd7 {4'
} (29... hxg3 $5) 30. f4 $2 {22' Hierna maakt zwart geforceerd remise.} (30.
Rc7 Qh3 {en nu is} (30... Qe6) 31. f4 {waarschijnlijk wel mogelijk} hxg3 (31...
Bf6 32. g4) 32. fxe5 Rh4 33. Qg2 gxh2+ 34. Kh1 Qxg2+ 35. Kxg2 dxe5 36. Kh1 Rxe4
37. Rxe7 {met goede winstkansen.}) 30... hxg3 31. hxg3 Bxf4 $1 {3'} 32. gxf4 {
18'} Qh3 33. Qg2 $4 {En deze bijna a tempo gespeelde zet geeft zelfs de remise
weg.} (33. Rc3 Qh1+ 34. Kf2 Rh2+ 35. Kg3 Rh3+ ({Het "briljante"} 35... Rbh8 {
maakt ook remise.} 36. Rxh1 R8h3+ 37. Kg4 Rh4+) 36. Kf2 Rh2+ 37. Kg3 $11) 33...
Qe3+ {2'} 34. Kf1 (34. Qf2 Rh1+) 34... Rh3 (34... Rh4 $1 {wint meteen.}) 35.
Rc3 {17'} ({Een betere praktische kans in zijn tijdnood was} 35. Nd4 Qxf4+ 36.
Ke1 {en hier moet je nog even kiezen wat de beste zet is. Dat is waarschijnlijk
} Rh2 ({of} 36... Rbh8 37. Nf5+ Kf6 38. Qb2+ Ke6 39. Qd4 gxf5 40. Qd5+ Kf6 41.
Qxf5+ Qxf5 42. exf5 Rxb3 43. Kf2) ({of} 36... Rbxb3 37. Nxb3 Qe3+ 38. Kf1 Rf3+
39. Qxf3 Qxf3+ 40. Kg1 Qxb3 41. Ra1) 37. Qf3 Qh4+ 38. Kf1 Rh3 39. Qg2 Rg3 40.
Qf2 Qh3+ 41. Ke1 Rg2) 35... Qxf4+ 36. Qf2 (36. Kg1 Rxc3 37. Nxc3 Qe3+ 38. Qf2
Qxc3 $19) 36... Rh1+ 37. Ke2 Rh2 {Ik stak mijn hand uit en Eric zei: "Zullen
we maar een biertje gaan drinken?"} 0-1

[Event "Euwe Intern Playoffs"]
[Site "?"]
[Date "2006.06.15"]
[Round "3"]
[White "Hovenga, Alje"]
[Black "Witt, Rob"]
[Result "1-0"]
[WhiteElo "2182"]
[BlackElo "2247"]
[Annotator "Witt,Rob"]
[PlyCount "99"]

{Laatste en beslissende ronde van de playoffs. De stand was: 1.Alje Hovenga 11/
2-2; 2/3 Marc Overeem en Rob Witt 1-2; 4. Arne Moll 1/2-2. Bij winst van Alje
was hij kampioen. Bij iedere andere uitslag kon Marc nog gelijk komen met Alje
of mij. Door al het voetballen en de voor Euwe succesvolle Rapid finale
afgelopen maandag, was er van voorbereiding niks terecht gekomen. Op de fiets
twijfelde ik tussen de KID en Slavisch, maar toen ik bij aankomst Ron Hofman
in de speelzaal ontwaarde, koos ik definitief voor de KID, om hem een plezier
te doen.} 1. d4 Nf6 2. c4 g6 3. Nc3 Bg7 4. e4 d6 5. Nf3 O-O 6. Be2 e5 7. O-O
Nc6 8. d5 Ne7 9. Ne1 Nd7 10. f3 f5 11. Be3 f4 12. Bf2 g5 13. Rc1 Rf6 14. c5
Nxc5 {Het pionoffer aannemen geldt als het beste. In Bussum had ik deze
variant met wit. Mijn tegenstander Christophe Klein weigerde het pionoffer,
maar verloor kansloos.} 15. b4 Na6 16. Nd3 {3' Deze stelling hebben we beiden
diverse keren op het bord gehad.} (16. Nb5 Bd7 17. Nxa7 {is ook gespeeld.})
16... Rh6 {2'} 17. b5 {5' Een nieuwe zet, die Alje thuis bedacht had en ik
zelf ook wel eens geanalyseerd heb.} ({Gebruikelijk is} 17. a4 Qe8 18. Kh1 Bd7
$1 {waarmee ik twee keer van Alje gewonnen heb.}) 17... Qe8 $2 {8' Een
incorrect stukoffer. Ik meende dat ik zoiets een keer voor wit geanalyseerd
had en het toen niks vond voor wit. Misschien was dat toch een net iets andere
stelling.} (17... Nb8 {is dus noodzakelijk met onduidelijke stelling, al heb
ik liever zwart.}) 18. bxa6 {28'} Qh5 19. h4 bxa6 {16'} (19... Ng6 20. g4 {
De weerlegging.} ({Onvoldoende is} 20. axb7 Nxh4 $1 21. bxc8=Q+ Rxc8 22. Bxh4
Qxh4 {Als wit geen eeuwig schaak wil, moet hij nu een stuk teruggeven met} 23.
Nxf4 exf4 {en nu bijv.} 24. Bb5 g4 $1 25. Bd7 ({Verliezend is} 25. fxg4 Qh2+
26. Kf2 Qg3+ 27. Kg1 Rh2 28. Rf2 (28. Qf3 Qh4) 28... Qh4 $19) 25... Rb8 26. Rb1
(26. Be6+ Rxe6 $1 27. dxe6 g3) 26... Qh2+ 27. Kf2 g3+ 28. Ke2 Rxb1 29. Qxb1
Qxg2+ 30. Kd3 Be5 $17) 20... fxg3 21. Bxg3 Nf4 (21... Nxh4 22. f4 $18) 22. axb7
Bxb7 23. Nb5 {en de zwarte aanval wordt niet gevaarlijk. Wit staat op winst.})
20. Qa4 {52'} ({Ook mogelijk is} 20. g4 fxg3 21. Bxg3 Qg6 (21... gxh4 22. Bh2
Bh3 23. Rf2 Rg6+ 24. Kh1 $18) 22. Kf2 gxh4 23. Bh2 Bd7 24. Qb3 {en zwart heeft
niks voor het stuk.}) 20... gxh4 {25' Er is niks beters.} (20... g4 21. fxg4
Bxg4 22. Bxg4 Qxg4 23. Qd1 Qg6 24. Qf3 $18) (20... Bf6 21. Nd1 g4 22. fxg4 Bxg4
23. Bxg4 Qxg4 24. Rxc7 Bxh4 (24... Rg6 25. Ne1 $18) 25. Qd7 $18) 21. Kh2 Rg6 {
Wit nog 37', zwart 58'} 22. Rh1 $2 {32' Het kritieke moment in de partij.} ({
Sterker was toch} 22. Qe8+ $1 Bf8 23. Rg1 $18 {Zwart kan zijn aanval niet
versterken. Bijv.} Qg5 24. Nd1 Qg3+ 25. Kh1 Qg5 26. Rxc7) 22... Bf8 $2 {
51' Om het schaakje op e8 eruit te halen. Direkt na afloop meende ik dat ik
beter Kf7 had kunnen spelen, maar dat is het ook niet. Het beste was de zet
waar ik het eerste naar gekeken had 22...h3! en helaas verworpen. Ik had me
langer in de stelling moeten verdiepen. Ook als je het niet kan uitrekenen,
moet je aanvoelen dat dit de enige kans moet zijn.} ({In de nazit hielden we
ons een tijdje hiermee bezig} 22... h3 $1 {Arne dacht jdens de partij zelfs
dat dit won. Aangezien hij slecht stond tegen Marc, vroeg hij zich af wat er
dan zou gebeuren als Marc en ik gedeeld eerste zouden worden. Volgens een al
of niet bestaand reglement (?!?!?) zouden we dan een "sudden death" vluggertje
moeten spelen. Ik zou dat absoluut geweigerd hebben. Het is mijns inziens
waanzin om na ruim 30 interne partijen een "sudden death" vluggertje te spelen
om de titel.} 23. g4 ({Ik liet het na wegens het tussenschaakje} 23. Qe8+ $4
Bf8 24. g4 fxg3+ 25. Bxg3 {waarna mijn toren gepend staat, maar miste hier}
Rxg3 $3 $19 26. Qxh5 Rg2#) 23... fxg3+ 24. Bxg3 Rxg3 25. Kxg3 Qg5+ 26. Kf2 {
Een interessant moment. Het beste blijkt nu te zijn} Qh4+ $1 {En wit staat
voor een moeilijke keus. De beste winstpoging is nu} ({In de nazit hielden we
ons uitsluitend bezig met} 26... Qg2+ 27. Ke3 Bh6+ 28. f4 exf4+ 29. Kd4 {
en we concludeerden terecht dat zwart niks heeft.}) 27. Ke3 (27. Kf1 h2 $1 {
met de dreiging Lh3} 28. Nf2 Bh6 29. Qe8+ {Na andere zetten staat zwart beter
denk ik.} Kg7 30. Rxh2 Qxh2 31. Qxe7+ Kg8 {en ik zie niet hoe wit hier op
winst kan spelen.}) 27... Bh6+ 28. f4 exf4+ 29. Kd4 c6 $1 30. Kc4 (30. dxc6 $2
f3 $1 31. Rcg1+ Kh8 $17) (30. Bf3 $5 Qg3 ({Ook interessant is} 30... Bd7 $5 31.
Qxa6 Rb8 32. Kc4 (32. Rb1 Bg7+ 33. Kc4 cxd5+ 34. Nxd5 Rc8+ 35. Kb4 Nxd5+ 36.
exd5 Qg3 $13) 32... cxd5+ 33. Nxd5 Bb5+ 34. Qxb5 Rxb5 35. Kxb5 Nxd5 36. exd5 h2
37. Rc2 Qh3 38. Ne1 Qd7+ {en misschien is het witte materiële voordeel niet
voldoende voor winst.}) (30... Rb8 $5 31. Kc4 Bg7 32. Rb1 Rb5 $1 {met
volstrekt onduidelijke stelling.}) 31. Rhf1 (31. Rcf1 Bd7 $15) 31... Rb8 32.
Kc4 h2 33. Ne2 ({Riskant is} 33. dxc6 {wegens} a5 $1 34. Ne2 (34. Qxa5 Nxc6 35.
Qd5+ Kh8 36. Qxc6 {only move} Be6+ 37. Nd5 Rc8 38. Qxc8+ (38. Kb5 Rxc6 39. Kxc6
Qg6 $17) 38... Bxc8 $15) 34... Bg7 $1 35. e5 Bxe5 36. Nxe5 Ba6+ 37. Kc3 Bxe2
38. c7 Rc8 39. Qb3+ d5 40. Kb2 Bxf1 41. Rxf1 Rxc7 42. Bxd5+ Nxd5 43. Qxd5+ Kg7
$13)) 30... f3 31. Rcg1+ (31. Bxf3 Bxc1 32. Rxc1 Rb8 $13) 31... Bg7 32. Bxf3
Qf6 33. Rxg7+ Kxg7 34. Rg1+ Kh8 35. Kb3 h2 36. Rg3 Bd7 $13 {Het hele
variantencomplex is totale waanzin. Misschien is het ergens beter voor wit
maar ik had het in ieder geval moeten spelen.}) 23. Ne1 {27' Hier staat wit in
ieder geval weer op winst. Zwart heeft geen schwindelkansen en de rest van de
partij behoeft nauwelijks commentaar.} Rg3 {39' Wanhoop.} ({Ook niks is} 23...
h3 {wegens} 24. Kg1 (24. g3 $2 fxg3+ 25. Bxg3 Qg5 $19 {omdat Tc1 hangt.}) 24...
Qg5 25. Rh2 $18) 24. Bf1 {22'} (24. Bxa6 h3 25. Kg1 $18) 24... Kf7 {30'} (24...
h3 25. Kg1 Qg5 26. Rh2 $18) 25. Kg1 Qg5 26. Ne2 Rb8 27. Rxc7 {18'} h5 {28'} 28.
Rxc8 {16' Niet nodig, maar goed genoeg.} Rxc8 {23'} ({Iets beter maar ook
hopeloos was} 28... Nxc8 29. Qd7+ Qe7 30. Qf5+ Ke8 31. Qxh5+ Qf7 32. Qxf7+ Kxf7
33. Bxg3 hxg3 $19) 29. Qxa6 Qf6 30. Qxa7 Bh6 31. a4 Qh8 32. Qd7 Rd8 33. Qe6+
Ke8 34. Rxh4 {9'} (34. Nxg3 fxg3 35. Bb5+ Kf8 36. Bb6) 34... Rg5 {13'} 35. Nc3
(35. Nxf4 exf4 36. Bb5+ Kf8 37. Rxf4+) 35... Bg7 36. Nb5 Rg6 37. Nc7+ Kf8 38.
Qh3 Kf7 39. a5 Rc8 40. Ne6 {4'} Ra8 {8' Allebei een kwartier erbij.} 41. a6 Rh6
42. Nxg7 Kxg7 43. Nc2 Qe8 44. Nb4 Ng8 45. Nc6 Nf6 46. Qf5 Rh8 47. a7 Qf7 48.
Rh3 Qd7 49. Qxd7+ Nxd7 50. Ba6 {En ik feliciteerde Alje met zijn welverdiende
kampioenschap.} 1-0